00363nam a2200157Ia 4500008004100000020001600041050000900057050001600066100001900082245002800101245001900129260001200148260002100160260000900181300001500190170203s9999 xx 000 0 und d a0-671664670 aFic  b.D419c 1973 adePaola, Tomie aCharlie Needs A Cloak / c Tomie dePaola aU.S.A : bSimon & Schuster c1973 a32 pages :